000 01382namaa22003131i 4500
005 20260629100536.0
008 260629s ua a|||frm||| 000 0 eng d
040 _aEG-GICUC
_beng
_cEG-GICUC
_dEG-GICUC
_erda
041 0 _aeng
_beng
_bara
049 _aDeposite
097 _aPh.D
099 _aCai01.12.14.Ph.D1.995.Lo.B.
100 0 _aLouise Salib Sourial,
_epreparation.
245 1 0 _aBiological Studies On Some Aphids Infesting Cereal Crops In Egypt With Special Reference To Competition /
_cBy Louise Salib Sourial; Supervision Prof.Dr. Refaat G. Abou-Elela, Prof.Dr. Sadek I. Bishara.
246 1 5 _aدراسات عن تاريخ حياة انواع المن التي تصيب محاصيل الحبوب في مصر وبصفة خاصة التنافس بين الانواع /
264 0 _c1995.
300 _a198 pages :
_billustrations ;
_c30 cm. +
336 _2rda content
_atext
337 _2rdamedia
_aUnmediated
338 _2rdacarrier
_avolume
502 _aThesis (Ph.D)-Cairo University, 1995.
504 _aBibliography: pages 174-198.
653 0 _aEntomology
700 0 _aRefaat G. Abou-Elela
_ethesis advisor.
700 0 _aSadek I. Bishara
_ethesis advisor.
900 _DDepartment of Entomology
_FFaculty of Science
_UCairo University
_b1995
_cRefaat G. Abou-Elela
_cSadek I. Bishara
905 _aEman El gebaly
942 _2ddc
_cTH
_e21
_n0
999 _c180639